[Event "It \"]
[Site "masterchessopen.com Ploesti (Romania)"]
[Round "9"]
[White "Miron Lucian-Costin (ROM)"]
[Black "Popa Marian (ROM)"]
[Result "1-0"]
[WhiteElo "2131"]
[BlackElo "2068"]

1.d4 Nf6 2.c4 e6 3.Nc3 Bb4 4.a3 Bxc3+ 5.bxc3 c5 6.e3 O-O 7.Bd3 Nc6 8.Ne2 Re8
9.e4 e5 10.d5 Ne7 11.f3 d6 12.g4 Ng6 13.Ng3 Nf4 14.h4 h6 15.Ra2 g5 16.hxg5
hxg5 17.Rah2 Kg7 18.Bxf4 exf4 19.Nh5+ Nxh5 20.Rxh5 Qf6 21.Kd2 Bd7 22.Rh7+ Kf8
23.R1h6 Qe5 24.Qh1 Ke7 25.Rxf7+ Kxf7 26.Rh7+ Kg8 27.Rxd7 Qh8 28.Qxh8+ Kxh8
29.Rxd6 Re7 30.Rf6 b6 31.Rf5 Rg7 32.e5 Kg8 33.d6 Rf8 34.e6 Rxf5 35.gxf5 {#r}
1-0

[Event "Cup Itau (open)"]
[Site "masterchessopen.com Sao Paulo (Brazil)"]
[Round "1"]
[White "Santana Orlando (PUR)"]
[Black "Leitao Rafael (BRA)"]
[Result "0-1"]
[WhiteElo "2172"]
[BlackElo "2526"]

1.d4 Nf6 2.c4 e6 3.Nc3 Bb4 4.a3 Bxc3+ 5.bxc3 c5 6.e3 O-O 7.Bd3 Nc6 8.Ne2 b6
9.O-O Ba6 10.Ng3 Na5 11.Qe2 cxd4 12.cxd4 Rc8 13.Bd2 Nxc4 14.Bb4 Re8 15.Rfc1 d5
16.Rc3 Bb7 17.Bxc4 dxc4 18.a4 Nd5 19.Rb1 a5 {#R} 0-1

[Event "Ch Sweden (team) 2001/02"]
[Site "masterchessopen.com Sweden"]
[Round "10"]
[White "Niklasson Christer (SWE)"]
[Black "Barkhagen Jonas (SWE)"]
[Result "0-1"]
[WhiteElo "2375"]
[BlackElo "2458"]

1.d4 Nf6 2.c4 e6 3.Nc3 Bb4 4.a3 Bxc3+ 5.bxc3 c5 6.e3 Nc6 7.Bd3 O-O 8.Ne2 b6
9.e4 Ne8 10.O-O Ba6 11.Be3 Nd6 12.dxc5 Nxc4 13.Bxc4 Bxc4 14.cxb6 axb6 15.Re1
Qc7 16.Ng3 f6 17.h4 Ra6 18.h5 Rfa8 19.h6 g6 20.Bc1 Ne5 21.Re3 b5 22.f4 Nf7
23.Qg4 Qc5 24.Kh1 Nxh6 25.Qh4 Qf8 26.Ne2 f5 27.Nd4 Ng4 28.Re1 Nf6 29.e5 Ne4
30.Re3 Qd8 31.Qe1 d6 32.g4 {#R} 0-1

[Event "Ch Mittelfranken (QT)"]
[Site "masterchessopen.com Zirndorf (Germany)"]
[Round "1"]
[White "Knoerrich Peter"]
[Black "Heinz Manfred"]
[Result "0-1"]
[WhiteElo "1396"]
[BlackElo "1787"]

1.c4 Nf6 2.d4 e6 3.Nc3 Bb4 4.e3 c5 5.a3 Bxc3+ 6.bxc3 O-O 7.Bd3 Nc6 8.Ne2 b6
9.Nf4 d6 10.d5 Na5 11.O-O e5 12.Nh5 Nxh5 13.Qxh5 g6 14.Qh6 Ba6 15.f4 exf4
16.Rxf4 f5 17.h4 Qf6 18.Rb1 Qg7 19.Qxg7+ Kxg7 20.e4 fxe4 21.Rxe4 Rae8 22.Rg4
Re1+ 23.Kh2 Bc8 24.Rg3 Rfe8 25.h5 R8e5 26.h6+ Kg8 27.Rg5 Rxg5 28.Bxg5 Rxb1
29.Bxb1 Nxc4 30.Bc1 Bf5 31.Ba2 Ne5 32.Kg3 c4 33.Bf4 b5 34.Bxe5 dxe5 35.Kf3 Kf7
36.g4 Bd3 {#R} 0-1

[Event "Ch NRW (1 liga)"]
[Site "masterchessopen.com Germany"]
[Date "2002.12.08"]
[Round "3"]
[White "Jacob Gunnar (GER)"]
[Black "Fleischer Andre (GER)"]
[Result "1-0"]
[WhiteElo "2226"]
[BlackElo "2068"]

1.d4 Nf6 2.c4 e6 3.Nc3 Bb4 4.e3 O-O 5.a3 Bxc3+ 6.bxc3 c5 7.Bd3 Nc6 8.Ne2 d6
9.O-O e5 10.e4 Ne8 11.Be3 b6 12.f4 f5 13.fxe5 dxe5 14.exf5 exd4 15.cxd4 Nf6
16.d5 Ne5 17.Bg5 b5 18.cxb5 Qxd5 19.Bc2 Bb7 20.Qxd5+ Nxd5 21.Ng3 h6 22.Rae1
Rae8 23.Bc1 Nf6 24.Bf4 Ned7 25.Bd6 Rxe1 26.Rxe1 Re8 27.Bb3+ Kh8 28.Rxe8+ Nxe8
29.Bf4 Nb6 30.Be5 c4 31.Bc2 Nd7 32.Bd4 Nd6 33.a4 a6 34.bxa6 Bxa6 35.Nh5 Ne8
36.Kf2 Kg8 37.Be4 Ndf6 38.Nxf6+ Nxf6 39.Bxf6 gxf6 40.Ke3 Kf7 41.Kd4 Ke7 42.Bd5
Kd6 43.Bxc4 Bb7 44.g3 Bc6 45.a5 Ba4 46.Bd3 Bc6 47.a6 {#r} 1-0

[Event "It (open)"]
[Site "masterchessopen.com Bad Wiessee (Germany)"]
[Round "3"]
[White "Markl Martin (GER)"]
[Black "Schenk Andreas (GER)"]
[Result "0-1"]
[WhiteElo "2230"]
[BlackElo "2494"]

1.d4 Nf6 2.c4 e6 3.Nc3 Bb4 4.a3 Bxc3+ 5.bxc3 c5 6.e3 Nc6 7.Bd3 O-O 8.Ne2 b6
9.O-O Ba6 10.e4 Ne8 11.Be3 Nd6 12.e5 Nxc4 13.Qc2 h6 14.Bc1 Rc8 15.Qa4 N6a5
16.Bb1 cxd4 17.Qc2 f5 18.exf6 Qxf6 19.Nf4 Rc5 20.Qh7+ Kf7 21.Bg6+ Ke7 22.Nh5
Rxh5 23.Bxh5 Nd6 24.c4 Bxc4 25.Bb2 Nb3 26.Rfd1 Qxf2+ 27.Kh1 Nf5 28.Ra2 Qh4
29.Bg6 Ng3+ 30.Kg1 Ne2+ 31.Kh1 Qf6 {#R} 0-1

[Event "It (open)"]
[Site "masterchessopen.com Bethune (France)"]
[Round "1"]
[White "Chouquet Adrien (FRA)"]
[Black "Shchekachev Andrei (FRA)"]
[Result "0-1"]
[WhiteElo "2132"]
[BlackElo "2546"]

1.d4 Nf6 2.c4 e6 3.Nc3 Bb4 4.e3 c5 5.a3 Bxc3+ 6.bxc3 Nc6 7.Bd3 O-O 8.Ne2 b6
9.O-O Ba6 10.e4 Ne8 11.f4 f5 12.e5 Na5 13.d5 g6 14.d6 Ng7 15.Rf3 Qc8 16.Rh3
Rf7 17.Qe1 Qc6 18.Kh1 Bxc4 19.Bxc4 Nxc4 20.Ng1 Nh5 21.Nf3 Rg7 22.Ra2 Rf8
23.Rf2 b5 24.Ng5 a5 25.Qe2 h6 26.Nf3 Qe4 27.Qxe4 fxe4 28.Ng1 Nxe5 {#R} 0-1

[Event "It (cat.1)"]
[Site "masterchessopen.com Budapest (Hungary)"]
[Round "4"]
[White "Babos Csaba (ROM)"]
[Black "Meszaros Tamas (HUN)"]
[Result "1-0"]
[WhiteElo "2253"]
[BlackElo "2364"]

1.d4 Nf6 2.c4 e6 3.Nc3 Bb4 4.a3 Bxc3+ 5.bxc3 c5 6.e3 Nc6 7.Bd3 O-O 8.Nf3 d6
9.e4 e5 10.h3 cxd4 11.cxd4 exd4 12.O-O Nd7 13.Rb1 Nc5 14.Bc2 d3 15.Bxd3 Ne5
16.Bc2 Be6 17.Nd2 Nxc4 18.Nxc4 Bxc4 19.Re1 d5 20.Be3 Ne6 21.Rxb7 d4 22.Bc1 d3
23.Bb3 Bxb3 24.Rxb3 Nc5 25.Rb5 Rc8 26.Bd2 Qd7 27.Qb1 a6 28.Rb6 Rfd8 29.Qb4 Ne6
30.e5 Nd4 31.Rd6 Qa7 32.Be3 a5 33.Qxd4 Qxd4 34.Bxd4 Rxd6 35.exd6 d2 36.Rd1 Rc1
37.d7 Rxd1+ 38.Kh2 Rh1+ 39.Kg3 h5 40.d8=Q+ Kh7 41.Qg5 {#r} 1-0

[Event "It (cat.8)"]
[Site "masterchessopen.com Budapest (Hungary)"]
[Round "7"]
[White "Taylor Timothy (USA)"]
[Black "Berczes David (HUN)"]
[Result "1-0"]
[WhiteElo "2291"]
[BlackElo "2321"]

1.d4 Nf6 2.c4 e6 3.Nc3 Bb4 4.a3 Bxc3+ 5.bxc3 c5 6.e3 Nc6 7.Bd3 O-O 8.Ne2 b6
9.O-O Ba6 10.e4 d6 11.Bg5 h6 12.Bh4 g5 13.Bg3 e5 14.f4 Qe7 15.fxe5 dxe5 16.Qa4
Bb7 17.d5 Nb8 18.Rf5 Nbd7 19.Raf1 Ne8 20.Be1 Nd6 21.Ng3 Bc8 22.R5f2 f6 23.Be2
Nb8 24.Qc2 Ne8 25.Qd3 Qd6 26.Nh5 a6 27.h4 Ra7 28.hxg5 hxg5 29.Bd2 Raf7 30.Qg3
Ng7 31.Bxg5 Nxh5 32.Bxh5 Rg7 33.Qh4 fxg5 34.Rxf8+ Qxf8 35.Rxf8+ Kxf8 36.Qg3
Nd7 37.Bg4 Re7 38.Bxd7 Bxd7 39.Qxg5 b5 40.Qf6+ Ke8 41.d6 Re6 42.Qh8+ Kf7
43.Qh7+ {#r} 1-0

[Event "Memorial O.Duras (open)"]
[Site "masterchessopen.com Czech Republic"]
[Round "1"]
[White "Roubalik Vlastimil (CZE)"]
[Black "Ginzburg Mikhail (BLR)"]
[Result "0-1"]
[WhiteElo "2089"]
[BlackElo "2346"]

1.d4 Nf6 2.c4 e6 3.Nc3 Bb4 4.a3 Bxc3+ 5.bxc3 O-O 6.e3 c5 7.Bd3 Nc6 8.Nf3 d6
9.O-O e5 10.Be2 Qc7 11.Qc2 b6 12.dxe5 dxe5 13.e4 h6 14.Nh4 Qe7 15.Re1 Be6
16.Nf5 Bxf5 17.exf5 Rad8 18.Bf3 Na5 19.Qe2 e4 20.Bf4 Rfe8 21.g4 Qd7 22.Bg2 Qd3
23.Qxd3 Rxd3 {#R} 0-1

[Event "It (cat.4)"]
[Site "masterchessopen.com Dos Hermanas (Spain)"]
[Round "3"]
[White "Rico Galiano Arsenio (ESP)"]
[Black "Lalic Bogdan (ENG)"]
[Result "0-1"]
[WhiteElo "2266"]
[BlackElo "2515"]

{ } 1.d4 { 1 } 1...Nf6 2.c4 e6 3.Nc3 Bb4 4.a3 Bxc3+ 5.bxc3 c5 6.e3 Nc6 7.Bd3
O-O 8.Nf3 { = } 8...d6 9.O-O ( 9.e4 h6 10.h3 e5 11.d5 Ne7 12.Nd2 Nh7 13.g4 Ng6
14.Nf1 Nf4 15.Qf3 Qf6 16.Bc2 Nxd5 17.Qxf6 Ndxf6 18.f3 Ng5 19.Kf2 Kh7 20.Ne3 g6
21.a4 b6 22.a5 bxa5 23.Rxa5 Ne6 24.Rd1 Rd8 25.h4 Kg7 26.Bd2 Nf4 27.Rda1 Rd7
28.Ba4 Rc7 { ...1/2-1/2, Salov Valery 2680 - Topalov Veselin 2745 , Madrid
1997 It (cat.17) } ) 9...h6 ( 9...e5 10.Qc2 Re8 11.Be2 Qe7 12.d5 Na5 13.e4 h6
14.h3 b6 15.Be3 Nh5 16.Rfe1 Nf4 17.Bf1 Qf6 18.Kh2 Nxh3 19.Qd1 Nf4 20.g3 Ng6
21.Nd2 Nf8 22.Bd3 Qg6 23.Rh1 f5 24.Qc2 f4 25.gxf4 Qh5+ 26.Kg1 Qg4+ 27.Kf1 exf4
28.Be2 Qg5 29.Nf3 { ...0-1, Hoffmann Michael 2465 - Ellers Holger 2360 ,
Germany 1991 Ch Germany (juniors) (under 15) } ) 10.e4 e5 11.d5 { N } ( 11.Be3
b6 12.h3 Qe8 13.d5 Ne7 14.a4 a5 15.Rb1 Rb8 16.Nd2 Ng6 17.Rb2 Bd7 18.Bc2 Kh8
19.Nb1 Nf4 20.Na3 g5 21.Nb5 Qe7 22.f3 Rg8 23.Qd2 h5 24.Kf2 h4 25.Ke1 N6h5
26.Bd3 Ng3 27.Rf2 Rbf8 28.Bxf4 exf4 29.Kd1 Qe5 30.Kc2 f5 { ...0-1, Zaremba
Andrie 2245 - Ward Tom 2282 , East Lansing 1995 n) (b } ) ( 11.h3 b6 12.Be3
Qe7 13.d5 Na5 14.Nd2 Ba6 15.f4 exf4 16.Bxf4 Nd7 17.Qf3 Ne5 18.Qg3 Kh8 19.Rf2
Rad8 20.Raf1 Ng6 21.Qe3 { 1/2-1/2, Garn Erwin 2135 - Siegmund Rainer 2195 ,
Seefeld 1996 It (open) } ) 11...Ne7 12.Ne1 Nh7 13.f4 exf4 14.Bxf4 Ng6 15.Bg3
Nf6 16.Nc2 Re8 17.Ne3 Nxe4 18.Qf3 Nf6 19.Nf5 Bxf5 20.Qxf5 Re3 21.Rf3 Qe7
22.Rxe3 Qxe3+ 23.Bf2 { ?! } ( 23.Kh1 { !? } 23...Ne5 24.Bxe5 Qxe5 25.Qxe5 { }
) 23...Qd2 24.Be1 Qb2 { ?! } ( 24...Qe3+ { !? } 25.Bf2 Qd2 26.Be1 Qe3+ { } )
25.Rb1 Qxa3 26.Rxb7 Re8 27.Rb1 { ?! } ( 27.Bd2 { !? } 27...Ne5 28.Bf1 Qa6
29.Rb2 { } ) 27...Ne5 28.Bd2 Qa2 29.Bc2 { ?? } ( { ? } 29.Bf4 Nxd3 30.Qxd3 Ne4
31.Rf1 { } ) 29...Qxc4 { ? } ( { ? } 29...g6 30.Qxf6 Qxc2 31.Rf1 Qxd2 { } )
30.Bxh6 Qxc3 31.h3 { ?! } ( 31.Bg5 { !? } 31...Neg4 32.Bh4 Qe3+ 33.Kh1 { } )
31...gxh6 32.Rf1 Ned7 33.Rf3 Re3 { } {#R} 0-1

[Event "Bundesliga 2002/03"]
[Site "masterchessopen.com Germany"]
[Round "9"]
[White "Pedersen Nicolai Vesterbaek (DEN)"]
[Black "Sokolov Andrei (FRA)"]
[Result "1-0"]
[WhiteElo "2466"]
[BlackElo "2591"]

{ Pedersen Nicolai Vesterbaek (DEN) +0 =1 -0 } 1.d4 Nf6 2.c4 e6 3.Nc3 Bb4 4.e3
O-O 5.a3 Bxc3+ 6.bxc3 c5 7.Bd3 Nc6 8.Ne2 b6 9.e4 Ne8 10.O-O Ba6 11.f4 f5
12.Ng3 ( 12.d5 Na5 13.e5 Bxc4 14.Bxc4 Nxc4 15.d6 b5 16.a4 a6 17.Qd3 g6 18.axb5
axb5 19.Be3 Rxa1 20.Rxa1 Qb6 21.Nc1 Ng7 { ...1-0, Milov Vadim(2602) - Polgar
Judit(2686), Moscow 2001 Ch World FIDE (KO-system) } ) 12...g6 { = } 13.exf5 (
13.Be3 d6 14.d5 Ne7 15.exf5 gxf5 16.Nh5 Nf6 17.dxe6 Bb7 18.Bf2 Nxh5 19.Qxh5
Qe8 20.Qg5+ Qg6 21.Bh4 Rae8 22.g4 Bc8 { ...1/2-1/2, Jussupow Artur(2630) -
Salov Valery(2685), Linares 1993 It } ) 13...exf5 14.dxc5 Nf6 { N } (
14...bxc5 15.Be3 d6 16.Bxf5 ( 16.Qf3 Na5 17.Rab1 Rf7 18.Rfd1 Rc8 19.Bf2 Qf6
20.Nf1 Bxc4 21.Ne3 Bxd3 22.Rxd3 Nc7 23.c4 Rd7 24.Be1 { ...1-0, Unmack
Christian - Schmied Andreas(2134), Copenhagen 2002 It (open) "Politiken Cup" }
) 16...gxf5 17.Qd5+ Rf7 18.Qxc6 Bxc4 19.Rfe1 Qc8 20.Qf3 Rb8 21.Rad1 Qa6 22.Bf2
Ng7 23.Nh5 Nxh5 24.Qxh5 { ...1/2-1/2, Tisdall Jonathan D(2420) - Kudrin
Sergey(2510), Gausdal 1983 It (open) } ) 15.cxb6 axb6 16.Rb1 Qe7 { ? } (
16...Na5 { !? } 17.Be2 Nxc4 18.Qd4 Rc8 { } ) 17.Re1 Qc5+ 18.Be3 Qxa3 19.Bxb6
Qd6 20.Qf3 Rfe8 21.h3 Rxe1+ 22.Rxe1 Re8 { ?! } 23.Rxe8+ Nxe8 24.Qe3 Ng7 25.Be2
Qe6 26.Qd3 { ?! } 26...Ne8 { ? } ( 26...Ne5 { !? } 27.fxe5 Qxb6+ 28.Kh1 Qc7 {
} ) 27.Nf1 Nf6 28.Nd2 { ? } ( 28.Ne3 { !? } 28...Ne4 29.Bf3 Ne7 30.Bd4 { } )
28...Nb4 { ? } ( 28...d5 { ! } 29.Bf1 dxc4 30.Nxc4 Ne4 { } ) 29.cxb4 Qxb6+
30.c5 Qxb4 31.Qxa6 Kg7 { ?? } ( 31...Qxd2 32.Qxf6 Qxe2 33.Qd8+ Kf7 { } )
32.Qd6 { } {#r} 1-0

[Event "Ch Europe (w)"]
[Site "masterchessopen.com Istanbul (Turkey)"]
[Round "2"]
[White "Zaiatz Elena (RUS)"]
[Black "Khurtsidze Nino (GEO)"]
[Result "0-1"]
[WhiteElo "2400"]
[BlackElo "2399"]

1.d4 Nf6 2.c4 e6 3.Nc3 Bb4 4.e3 O-O 5.Bd3 c5 6.a3 Bxc3+ 7.bxc3 Nc6 8.Ne2 b6
9.O-O Ba6 10.e4 Ne8 11.f4 f5 12.Ng3 g6 13.Be3 cxd4 14.cxd4 d5 15.cxd5 Bxd3
16.Qxd3 fxe4 17.Qxe4 Qxd5 18.Rac1 Na5 19.Bd2 Nb3 20.Rcd1 Nf6 21.Qe5 Rac8
22.Bb4 Rf7 23.Rfe1 Rc2 24.Ne4 Nxe4 25.Rxe4 Rf5 26.Qxe6+ Qxe6 27.Rxe6 Rxf4
28.Re8+ Kg7 29.Re7+ Kh6 30.Bd6 Rff2 31.Re3 Rxg2+ 32.Kh1 Na5 33.Bf4+ g5 34.Bg3
Nc4 35.Re6+ Kh5 36.Re7 h6 37.d5 Rgd2 38.Rxd2 Rxd2 39.Rxa7 Rxd5 40.Kg2 Rd2+
41.Kf3 Rd3+ 42.Ke4 Rxa3 43.Rc7 Nd2+ 44.Kd4 Ra2 45.Rf7 Kg4 46.Ke3 b5 47.Rf6 h5
48.Kd3 Nf3 49.Rb6 Nxh2 50.Bd6 Nf3 {#R} 0-1

[Event "It (cat.8)"]
[Site "masterchessopen.com Reggio Emilia (Italy)"]
[Round "9"]
[White "Cebalo Miso (CRO)"]
[Black "Iotti Pierluigi (ITA)"]
[Result "1-0"]
[WhiteElo "2520"]
[BlackElo "2291"]

{ Cebalo Miso (CRO) +2 =0 -0 } 1.d4 Nf6 2.c4 e6 3.Nc3 Bb4 4.e3 c5 5.a3 Bxc3+
6.bxc3 O-O 7.Bd3 Nc6 8.Ne2 b6 9.O-O Ba6 10.e4 Ne8 ( 10...d6 11.Qc2 Rc8 { -0,21
CAP } ) 11.f4 ( 11.e5 d5 { +0,42 CAP } ) 11...f5 { = } ( 11...Na5 12.dxc5 bxc5
{ -0,52 CAP } ) 12.e5 ( 12.Ng3 g6 13.Be3 cxd4 14.cxd4 d5 15.cxd5 Bxd3 16.Qxd3
fxe4 17.Qxe4 Qxd5 18.Qxd5 exd5 19.Rac1 Na5 20.f5 Nc4 21.Bg5 Ned6 { ...1-0,
Jussupow Artur(2640) - Cvitan Ognjen(2525), Dresden 1998 Zt } ) ( 12.d5 Na5
13.e5 Bxc4 14.Bxc4 Nxc4 15.d6 b5 16.a4 a6 17.Qd3 g6 18.axb5 axb5 19.Be3 Rxa1
20.Rxa1 Qb6 21.Nc1 Ng7 { ...1-0, Milov Vadim(2602) - Polgar Judit(2686),
Moscow 2001 Ch World FIDE (KO-system) } ) 12...Na5 ( 12...d6 13.d5 Na5 14.dxe6
g6 15.g4 Ng7 16.Ng3 Qe8 17.gxf5 gxf5 18.e7 Qxe7 19.Nh5 Kh8 20.Ra2 Bb7 21.exd6
Qxd6 22.Be2 { ...0-1, Raineri Pablo(2164) - Parker Jonathan(2539), Barcelona
2001 It (open) } ) 13.d5 ( 13.g4 cxd4 14.gxf5 exf5 15.Nxd4 g6 16.a4 Ng7 17.Ba3
Rf7 18.c5 Bxd3 19.Qxd3 bxc5 20.Bxc5 Rc8 21.Bxa7 d5 22.Nb5 Nc4 { ...1/2-1/2,
Szilagyi Peter(2415) - Jukic Mirko(2455), Balatonbereny 1985 It (open) } )
13...Qc8 { N } ( 13...Bxc4 14.Bxc4 Nxc4 15.d6 b5 16.a4 a6 17.Qd3 g6 ( 17...Rb8
18.axb5 axb5 19.Be3 Qb6 20.Nc1 g5 21.Nb3 Rc8 22.Qe2 Kh8 23.Bc1 { ...1-0,
Cebalo Miso(2548) - Gyimesi Zoltan(2580), Medulin 2002 Ch Croatia (team) } )
18.axb5 axb5 19.Be3 Rxa1 20.Rxa1 Qb6 21.Nc1 Ng7 22.Nb3 Rc8 23.Bf2 { ...1-0,
Milov Vadim(2602) - Polgar Judit(2686), Moscow 2001 Ch World FIDE (KO-system)
} ) ( 13...d6 14.dxe6 g6 ( 14...Qe7 15.g4 g6 16.gxf5 gxf5 17.Ng3 Ng7 18.Ra2
Qxe6 19.Re1 Rad8 20.Rd2 Rde8 21.Bb1 Nxc4 22.Ba2 Kh8 23.Qa4 { ...1-0, Pieterse
Gert(2400) - Langeweg Kick(2365), Eindhoven 1988 It (open) } ) 15.g4 Ng7
16.Ng3 Qe8 17.gxf5 gxf5 18.e7 Qxe7 19.Nh5 Kh8 20.Ra2 Bb7 21.exd6 Qxd6 22.Be2
Qg6+ 23.Ng3 { ...0-1, Raineri Pablo(2164) - Parker Jonathan(2539), Barcelona
2001 It (open) } ) 14.d6 Bxc4 15.Bxc4 Nxc4 16.Qd3 { -0,24 CAP } 16...b5 17.a4
a6 18.axb5 axb5 19.Be3 Nxe3 { ? +0,70 } ( 19...Rxa1 { ! !? } 20.Rxa1 g5 21.Ra2
Qc6 { -0,08 } ) 20.Qxe3 Ra4 { +0,80 } ( 20...Rb8 { !? } 21.Rfb1 Qc6 22.Ra7 g6
{ +0,70 } ) 21.Rxa4 bxa4 22.c4 g6 23.Qa3 { ? -0,14 } ( 23.Nc3 { ! !? }
23...Ng7 24.Nxa4 Qc6 25.Nxc5 { +0,80 } ) 23...Qc6 { ?? +1,50 } ( 23...Qa6 { !
} 24.Nc3 Qxc4 25.Nxa4 Qd4+ { -0,14 } ) 24.Nc3 Nxd6 { *37 } 25.exd6 Qxd6 26.Nb5
Qc6 { *37 } 27.Qxa4 Ra8 28.Qc2 d5 29.Re1 Ra5 { ?! +1,85 } ( 29...Rb8 { !? }
30.Qe2 dxc4 31.Nc3 Rb4 { +1,50 } ) 30.h3 { ?! +1,50 } ( 30.Qe2 { !? }
30...dxc4 31.Qxc4 Qd5 32.Qe2 { +1,85 } ) 30...Kf7 { ?? +5,00 } ( 30...Qd7 { !?
! } 31.Qc3 Ra8 32.Qe5 dxc4 { +1,50 } ) 31.Qe2 { ?? +2,25 } ( 31.Qc3 { ! }
31...Rxb5 32.cxb5 Qxb5 33.Qh8 { +5,00 } ) 31...dxc4 32.Nc3 Qd6 33.Rd1 { +2,75
} {#r} 1-0

[Event "Ch Germany (juniors) (under 18)"]
[Site "masterchessopen.com Willingen (Germany)"]
[Round "2"]
[White "Schaffer Hendrik (GER)"]
[Black "Seifert Volker (GER)"]
[Result "1-0"]
[WhiteElo "2222"]
[BlackElo "2329"]

{ } 1.d4 { 1 } 1...e6 2.c4 Nf6 3.Nc3 Bb4 4.e3 c5 5.Bd3 O-O 6.a3 Bxc3+ 7.bxc3
Nc6 { = } 8.g4 { N } ( 8.Ne2 b6 9.e4 Ne8 10.O-O Ba6 11.f4 f5 ( 11...f6 12.e5
f5 13.d5 Na5 14.d6 Qc8 15.a4 Qb7 16.Ng3 Bxc4 17.Bxc4 Nxc4 18.Qe2 Na5 19.Rd1 c4
20.Be3 Rc8 21.Nf1 g6 22.Nd2 Ng7 23.Rab1 h6 24.Rb5 Kh7 25.Qf2 Nh5 26.Qh4 Rf7
27.Qf2 Qc6 { ...1/2-1/2, Eljanov Pavel 2571 - Alekseev Evgeny 2614 , Kharkov
2003 Cup Rector } ) 12.d5 Na5 13.e5 Bxc4 14.Bxc4 Nxc4 15.d6 b5 16.a4 a6 17.Qd3
g6 18.axb5 axb5 19.Be3 Rxa1 20.Rxa1 Qb6 21.Nc1 Ng7 22.Nb3 Rc8 23.Bf2 Nb2
24.Qc2 Na4 25.c4 Qb8 26.Nd2 Nb6 27.cxb5 c4 { ...1-0, Milov Vadim 2602 - Polgar
Judit 2686 , Moscow 2001 Ch World FIDE (KO-system) } ) ( 8.Nf3 { = } 8...d6
9.e4 ( 9.O-O h6 ( 9...e5 10.Qc2 Re8 11.Be2 Qe7 12.d5 Na5 13.e4 h6 14.h3 b6
15.Be3 Nh5 16.Rfe1 Nf4 17.Bf1 Qf6 18.Kh2 Nxh3 19.Qd1 Nf4 20.g3 Ng6 21.Nd2 Nf8
22.Bd3 Qg6 23.Rh1 f5 24.Qc2 f4 25.gxf4 Qh5+ 26.Kg1 Qg4+ 27.Kf1 exf4 28.Be2 Qg5
29.Nf3 { ...0-1, Hoffmann Michael 2465 - Ellers Holger 2360 , Germany 1991 Ch
Germany (juniors) (under 15) } ) 10.e4 e5 11.d5 { +0,39 CAP N } ( 11.Be3 b6
12.h3 Qe8 13.d5 Ne7 14.a4 a5 15.Rb1 Rb8 16.Nd2 Ng6 17.Rb2 Bd7 18.Bc2 Kh8
19.Nb1 Nf4 20.Na3 g5 21.Nb5 Qe7 22.f3 Rg8 23.Qd2 h5 24.Kf2 h4 25.Ke1 N6h5
26.Bd3 Ng3 27.Rf2 Rbf8 28.Bxf4 exf4 29.Kd1 Qe5 30.Kc2 f5 { ...0-1, Zaremba
Andrie 2245 - Ward Tom 2282 , East Lansing 1995 n) (b } ) ( 11.h3 b6 12.Be3
Qe7 13.d5 Na5 14.Nd2 Ba6 15.f4 exf4 16.Bxf4 Nd7 17.Qf3 Ne5 18.Qg3 Kh8 19.Rf2
Rad8 20.Raf1 Ng6 21.Qe3 { 1/2-1/2, Garn Erwin 2135 - Siegmund Rainer 2195 ,
Seefeld 1996 It (open) } ) 11...Ne7 12.Ne1 Nh7 13.f4 exf4 14.Bxf4 Ng6 15.Bg3
Nf6 16.Nc2 Re8 17.Ne3 Nxe4 18.Qf3 Nf6 19.Nf5 Bxf5 20.Qxf5 Re3 21.Rf3 Qe7
22.Rxe3 Qxe3+ 23.Bf2 { ?! -1,19 } ( 23.Kh1 { !? } 23...Ne5 24.Bxe5 Qxe5
25.Qxe5 { -0,71 } ) 23...Qd2 24.Be1 Qb2 { ?! -0,51 } ( 24...Qe3+ { !? } 25.Bf2
Qd2 26.Be1 Qe3+ { -1,19 } ) 25.Rb1 Qxa3 26.Rxb7 Re8 27.Rb1 { ?! -0,86 } (
27.Bd2 { !? } 27...Ne5 28.Bf1 Qa6 29.Rb2 { -0,38 } ) 27...Ne5 { ...0-1, Rico
Galiano Arsenio 2312 - Lalic Bogdan 2547 , Dos Hermanas 2003 It (cat.4) } ) (
9.e4 h6 10.h3 e5 11.d5 Ne7 12.Nd2 Nh7 13.g4 Ng6 14.Nf1 Nf4 15.Qf3 Qf6 16.Bc2
Nxd5 17.Qxf6 Ndxf6 18.f3 Ng5 19.Kf2 Kh7 20.Ne3 g6 21.a4 b6 22.a5 bxa5 23.Rxa5
Ne6 24.Rd1 Rd8 25.h4 Kg7 26.Bd2 Nf4 27.Rda1 Rd7 28.Ba4 Rc7 { ...1/2-1/2, Salov
Valery 2680 - Topalov Veselin 2745 , Madrid 1997 It (cat.17) } ) 9...h6 10.h3
e5 11.d5 Ne7 12.Nd2 Nh7 13.g4 Ng6 14.Nf1 Nf4 15.Qf3 Qf6 16.Bc2 Nxd5 17.Qxf6
Ndxf6 18.f3 Ng5 19.Kf2 Kh7 20.Ne3 g6 21.a4 b6 22.a5 bxa5 23.Rxa5 Ne6 24.Rd1
Rd8 25.h4 Kg7 26.Bd2 Nf4 27.Rda1 Rd7 { ...1/2-1/2, Salov Valery 2680 - Topalov
Veselin 2745 , Madrid 1997 It (cat.17) } ) ( 8.Rb1 d6 9.Nf3 e5 10.d5 e4
11.dxc6 bxc6 12.Be2 exf3 13.gxf3 Qe7 14.Rg1 Nd7 15.f4 f5 16.Bf3 Rb8 17.Rxb8
Nxb8 18.Qa4 Be6 19.Be2 Qc7 20.Bd3 Nd7 21.Rg5 Nb6 22.Qc2 Qf7 23.e4 h6 24.Rg3
Bxc4 25.exf5 Bxd3 26.Qxd3 Qd5 27.Qxd5+ cxd5 { ...0-1, Scharping Hans-Martin
2155 - Schenk Andreas 2477 , Baden-Baden 2002 It (open) "InfoScore Cup" } ) (
8.Ra2 b6 9.Nf3 Re8 10.d5 Na5 11.O-O Ba6 12.Qe2 exd5 13.cxd5 c4 14.Bb1 Nxd5
15.Qc2 Nf6 16.Ng5 h6 17.Nh3 Nb7 18.Rd1 Nc5 19.Nf4 Bb7 20.f3 Qc7 21.Rb2 Nb3
22.Ba2 g5 23.Bxb3 gxf4 24.Qf5 Kg7 25.Ba2 fxe3 26.Re2 Re5 27.Qf4 Rd5 { ...0-1,
Petersen Terji 2142 - Berg Olaf 2049 , Torshavn 2000 It (open) } ) ( 8.f4 d6
9.Nf3 e5 10.fxe5 dxe5 11.Bc2 exd4 12.cxd4 cxd4 13.Nxd4 Bg4 14.Qd3 Nxd4 15.Qxd4
Qxd4 16.exd4 Rfe8+ 17.Kd2 Re2+ 18.Kc3 Rc8 19.Ra2 Re7 20.Rb2 Be6 21.Bd3 Bxc4
22.Bxc4 Rec7 23.Kd3 Rxc4 24.Bd2 Ra4 25.Ra1 b6 26.Rb5 Rd8 27.Bb4 Nd5 { ...0-1,
Uzman D 2205 - Parma Bruno 2500 , Norristown 1973 It } ) ( 8.e4 cxd4 9.cxd4
Nxd4 10.e5 Ne8 11.Bb2 Nf5 12.Nf3 d6 13.O-O dxe5 14.g4 e4 15.Bxe4 Qxd1 16.Rfxd1
Nfd6 17.Bd3 f6 18.c5 Nf7 19.Nd4 Nc7 20.Be4 Rb8 21.a4 a6 22.Ba3 Re8 23.Bb4 Nd5
24.Ba5 Ne5 25.h3 Nc6 26.Bb6 Nxd4 27.Rxd4 Bd7 { ...1/2-1/2, Ehlvest Jaan 2600 -
Yudasin Leonid 2558 , New York 2003 Tournament "New York Masters" } ) ( 8.Bb2
b6 9.Nf3 Ba6 10.Qc2 Na5 11.Nd2 Rc8 12.Rc1 cxd4 13.cxd4 Nxc4 14.Nxc4 b5 15.Qb3
bxc4 16.Bxc4 Qa5+ 17.Kd1 Rb8 18.Qa2 Qa4+ 19.Ke1 Bxc4 { 0-1, Vretos V -
Rytshagov Mikhail 2460 , Aegina 1994 It (open) } ) 8...d5 9.g5 Ne8 { ?! } (
9...Ne4 { !? } 10.Qc2 Qxg5 11.Bxe4 dxe4 { } ) 10.Nf3 dxc4 11.Bxc4 e5 12.dxe5
Qe7 { ! } ( 12...Qxd1+ { ? } ) 13.Qc2 Bg4 14.Be2 Rd8 15.h4 b6 16.c4 Nxe5
17.Nxe5 Qxe5 18.Bb2 Qe6 19.Bd3 Rxd3 { ?! } ( 19...f5 { !? } 20.gxf6 Nxf6
21.Rc1 Rd6 { } ) 20.Qxd3 Bh5 21.Rg1 Qc6 { ? } ( { ? } 21...Nd6 22.Rc1 Ne4
23.Qd5 Qxd5 { } ) 22.Be5 { ?! } ( 22.Qf5 { !? } 22...Nd6 23.Qe5 Ne8 24.Qf4 { }
) 22...Nc7 23.Bxc7 Qxc7 24.Rg3 Rd8 25.Qe4 Bg6 26.Qf4 Qc6 27.e4 Bxe4 { ?! } (
27...Qd7 { !? } 28.f3 Qd3 29.Rc1 Qxa3 { } ) 28.Rd1 Re8 29.Re3 Bc2 30.Rd5 g6 {
?! } ( 30...Ba4 { !? } 31.Kf1 Qc8 32.Rxe8+ Bxe8 { } ) 31.Kd2 Bf5 { ?! } (
31...Ba4 { !? } 32.Rxe8+ Qxe8 33.Qc7 Qe4 { } ) 32.h5 { ? } ( { ? } 32.Rxe8+
Qxe8 33.Qc7 Kg7 { } ) 32...Rf8 { ?! } ( 32...Ra8 { !? } 33.Qe5 Qc8 34.Qf6 Qf8
{ } ) 33.h6 Qa4 { ?! } ( 33...f6 { !? } 34.Re7 Qa4 35.Ke2 Qc2+ { } ) 34.Qe5
Qc2+ 35.Ke1 f6 36.Qe7 Qc1+ 37.Rd1 { } {#r} 1-0

[Event "Ch Hungary (team) 2002/03"]
[Site "masterchessopen.com Hungary"]
[Date "2003.02.16"]
[Round "7"]
[White "Mester Gyula (HUN)"]
[Black "Bernei Andras (HUN)"]
[Result "0-1"]
[WhiteElo "2410"]
[BlackElo "2286"]

1.d4 Nf6 2.c4 e6 3.Nc3 Bb4 4.a3 Bxc3+ 5.bxc3 c5 6.e3 O-O 7.Bd3 Nc6 8.Nf3 d6
9.O-O e5 10.d5 Na5 11.e4 h6 12.Ne1 Qe7 13.Ra2 Bd7 14.h3 b5 15.cxb5 c4 16.Qa4
Qd8 17.Bxc4 Nxe4 18.Qb4 Nxc3 19.Rc2 Nxc4 20.Rxc3 Nb6 21.Qb3 Rc8 22.Rg3 Rxc1
23.Qe3 Rc4 24.Qxh6 Rg4 {#R} 0-1